000 00882nam a22001817a 4500
005 20120215150529.0
020 _a8181461770
_c100.00
082 _a
100 _aमेरिन इमचेन
_942158
245 _aमुर्गा और सूरज /
_cमेरिन इमचेन;संध्या राव द्वारा अनुदित
260 _aचैन्नई
_bतूलिका पब्लिशिंग
_c2010
270 _a13, पृथ्वी ऐवन्यु,अभिरमपुरम
_bचैन्नई
_e600018
300 _aअ.पृ
_bसचित्र
_c20सेमी (अजिल्द)
700 _942026
_aराव, संध्या
700 _942095
942 _2ddc
_cCH
_h
_mमेरिन
999 _c62877
_d62877